| 000 | 00456 a2200157 4500 | ||
|---|---|---|---|
| 005 | 20250625144200.0 | ||
| 020 | _a13-978-0-07-06601-9-9 | ||
| 082 | _a658 KOO. | ||
| 100 | _aKOONTZ, H. | ||
| 245 | _aManagement, A Global And Entrepreneurial perspective, | ||
| 250 | _a12th Ed. | ||
| 260 |
_aNew Delhi, _bMc Graw Hill Companies, _c2008. |
||
| 300 |
_axv,: 475p.; ill.; picture, _bIndex, _c24cm, |
||
| 700 | _aWEIHRICH, H., CANNICE, M.V., | ||
| 942 |
_2ddc _cBKS |
||
| 999 |
_c5107 _d5107 |
||